| 000 | 01513nam a2200361 i 4500 | ||
|---|---|---|---|
| 003 | DO-SdBNP | ||
| 005 | 20240426132047.0 | ||
| 007 | ta | ||
| 008 | 240424b2019 dr ad||| |||| 00| 0 spa d | ||
| 020 | _a9789945177510 | ||
| 040 |
_aDO-SdBNP _bspa _cBNPHU _erda |
||
| 082 | 4 | _222 | |
| 245 | 0 | 0 |
_aMatemática 5 : _bdel proyecto editorial de educación primaria / _ccolaboración, Leonel Rivas, Rosenilda de Jesús, Fabiola Iturra Quijada ; edición, Julissa Hernández Hernández ; corrección, Josie Roques Paulino ; ilustraciones, Nathalia Rivera Pérez, Juan Pablo Feliz, Edmundo Castillo, Wi-Hen Fung. |
| 264 | 4 |
_aSanto Domingo : _bS M, _c2019. |
|
| 300 |
_a239 páginas : _bIlustraciones, gráficos ; _c27 cm. |
||
| 336 |
_2rdacontent _atexto _btxt |
||
| 337 |
_2rdamedia _asin mediación _bn |
||
| 338 |
_2rdacarrier _avolumen _bnc |
||
| 490 | _aSavia | ||
| 590 | _aInventariado 2024/BT | ||
| 700 | 1 |
_aRivas, Leonel,, _ecolaboración _985304 |
|
| 700 | 1 |
_aJesús, Rosenilda de, _ecolaboración _985305 |
|
| 700 | 1 |
_aIturra Quijada, Fabiola, _ecolaboración _985306 |
|
| 700 | 1 |
_aMardones Rojas, Óscar, _ecolaboración _985307 |
|
| 700 | 1 |
_aRoques Paulino, Josie, _ecorrección _985308 |
|
| 700 | 1 |
_aSandoval, Johanna E., _ecorrección _985309 |
|
| 700 | 1 |
_aFung, Wi-Hen, _eilustración _973248 |
|
| 700 | 1 |
_aRivera Pérez, Nathalia, _eilustración _985313 |
|
| 700 | 1 |
_aFeliz, Juan Pablo, _eilustración _96598 |
|
| 700 | 1 |
_aCastillo, Edmundo, _eilustración _923173 |
|
| 910 | _aBTavárez | ||
| 942 |
_2ddc _cLBS1 |
||
| 999 |
_c56515 _d56515 |
||